00718nam a2200193 i 4500001000700000003000900007007000300016008004100019100002300060245010500083260003400188300004500222490003000267700003100297830003500328852002100363999001900384952012100403124526ES-MaACLt|070329s1930 sp ||||1| spa d1 aBloch, Leo.92951210aInstituciones romanas / cLeo Bloch ; traducción de la 3ª edición alemana por Guillermo Zotter. aBarcelona : bLabor, c[1930] a228 p., XVI p. lám. : bil. ; c17 cm.1 aColección Labor ; v2471 aZotter, Guillermo.911836800aColección Laborv2479184254 aES-MaACLjE-2751 c124526d124526 00104070aATENEOMbATENEOMcDEPO2d2008-01-17eSCl0oE-2751p1129740r2023-02-23 00:00:00w2023-02-23yMONOGRAFIA